000 00372nam a2200145Ia 4500
008 230312s9999||||xx |||||||||||||| ||und||
082 _a001.42
_bTHO-B
100 _aThomas Murray R.
245 0 _aBlending Qualitative & Quantitative
260 _bCrown Press
_aUK
_c2003
300 _a240
546 _aEng.
650 _aManagement
_vChronicles , Biographies
942 _cBK
999 _c4468
_d4468